banner koha

Obtencao e utilizacao de fertilizantes fluidos na cultura de cana-de-acucar [Amonia anidra, acido fosforico, acido sulfurico, rocha fosfatica, cloreto de potassio] (Registro n. 318620)

MARC details
000 -LÍDER
campo de controle de tamanho fixo 01604naa a22003017a 4500
001 - NÚMERO DE CONTROLE
campo de controle BR8707723
003 - IDENTIFICADOR DO NÚMERO DE CONTROLE
campo de controle BR-BrBNA
005 - DATA E HORÁRIO DA ÚLTIMA TRANSAÇÃO
campo de controle 20240918175904.0
007 - CAMPO FIXO DE DESCRIÇÃO FÍSICA--INFORMAÇÃO GERAL
campo de controle de tamanho fixo ta
008 - CAMPO DE DADOS FIXOS--INFORMAÇÃO GERAL
campo de controle de tamanho fixo 230509b bl.||||| |||| 00| 0 por d
040 ## - FONTE DA CATALOGAÇÃO
Instituição da catalogação original BR-BrBNA
Idioma da catalogação por
Instituição que transcreveu o registro Biblioteca Nacional de Agricultura
041 ## - CÓDIGO DE IDIOMA
Código do idioma do texto/trilha sonora ou título diferente (Pt)
072 ## - CÓDIGO DE CATEGORIA DE ASSUNTO
Código de Categoria de Assunto F04
Código do objeto 0230
090 ## - NÚMERO DE CHAMADA LOCAL
Número de chamada F04 BR8707723
100 1# - ENTRADA PRINCIPAL--NOME PESSOAL
Nome pessoal Nelli, E.J.
111 1# - ENTRADA PRINCIPAL--NOME DO EVENTO
Nome do evento ou lugar 3. Simposio de Avaliacao da Agroindustria da Cana-de-Acucar no Estado de Alagoas
Local do evento Maceio, AL (Brazil)
Data do evento ou assinatura do tratado 11 Jun 1985
245 1# - TÍTULO
Título Obtencao e utilizacao de fertilizantes fluidos na cultura de cana-de-acucar [Amonia anidra, acido fosforico, acido sulfurico, rocha fosfatica, cloreto de potassio]
246 1# - FORMA VARIANTE DO TÍTULO
Título/título abreviado [Obtention and utilization of liquid fertilizer in sugar cane cultivation]
246 1# - FORMA VARIANTE DO TÍTULO
Título/título abreviado [Annals of the 3rd. Symposium of Valluation of Sugar Cane Agricultural Industry in the State of Alagoas]
260 3# - PUBLICAÇÃO, DISTRIBUIÇÃO, ETC.
Local de publicação, distribuição, etc. Piracicaba, SP (Brasil):
Nome do editor, distribuidor, etc. Programa Nacional de Melhoramento da Cana-de-Acucar, Divisao de Difusao de Tecnologia,
Data da publicação, distribuição, etc. 1986.
500 ## - NOTA GERAL
Nota geral Anais do 3. Simposio de Avaliacao da Agroindustria da Cana-de-Acucar no Estado de Alagoas<br/>Piracicaba, SP (Brasil): Programa Nacional de Melhoramento da Cana-de-Acucar, Divisao de Difusao de Tecnologia, 1986. p. 88-92<br/>(BR8707723-AM)F04<br/>
650 ## - ASSUNTO--TERMO TÓPICO
Cabeçalho tópico ou nome geográfico CANA DE ACUCAR
650 ## - ASSUNTO--TERMO TÓPICO
Cabeçalho tópico ou nome geográfico ADUBACAO
650 ## - ASSUNTO--TERMO TÓPICO
Cabeçalho tópico ou nome geográfico FERTILIZANTE LIQUIDO
773 0# - ENTRADA ANALÍTICA
Título Anais do 3. Simposio de Avaliacao da Agroindustria da Cana-de-Acucar no Estado de Alagoas
Número de controle do registro F04 BR8707723
Partes relacionadas Piracicaba, SP (Brasil), 1986. p. 88-92
909 ## -
-- 202404
-- Lucia
-- 55
-- Lucia Elande
942 ## - ELEMENTOS DE ENTRADA ADICIONADOS (KOHA)
Tipo de material Koha Capítulo-Livro
Fonte da classificação ou esquema de arquivamento na estante Classificação AGRIS
Exemplares
Situação do descarte Fonte da classificação ou esquema de arquivamento na estante Situação física Não pode ser emprestado Coleção Biblioteca de origem Biblioteca atual Localização na estante Total de empréstimos Data de último acesso Número do exemplar Tipo de material Koha Situação das perdas Data de aquisição Fonte de aquisição
  Classificação AGRIS       Biblioteca Nacional de Agricultura - Binagri Biblioteca Nacional de Agricultura - Binagri Agrobase - Acervo Geral   20/05/2024 01 Capítulo-Livro   2024-04-11 Portaria Interministerial nº 164/94

BINAGRI

Telefone: (61)3218-2567/2388/3357/2097 - binagri@agro.gov.br

Ministério da Agricultura e Pecuária , Esplanada dos Ministérios, Bloco D, Anexo B, Brasília/DF, CEP: 70.043-900